Africa adjusting to the challenges of globalization

Na minha lista:
Detalhes bibliográficos
Outros Autores: Wallace, Laura
Formato: Livro
Idioma:inglês
Publicado em: Washington, D.C. IMF 1999
Assuntos:
Tags: Adicionar Tag
Sem tags, seja o primeiro a adicionar uma tag!

MARC

LEADER 00000nam$a2200000$$$4500
001 0011069
005 20240104132505.4
020 |a 1-55775-829-8 
041 0 |a eng 
044 |a US 
245 1 0 |a Africa  |b adjusting to the challenges of globalization  |c editor Laura Wallace 
264 1 |a Washington, D.C.  |b IMF  |c 1999 
300 |a 201 s. 
610 2 0 |a Afrika 
610 2 0 |a politika hospodárska 
610 2 0 |a politika hospodárska medzinárodná 
610 2 0 |a obchod voľný 
610 2 0 |a investície zahraničné 
610 2 0 |a reformy 
610 2 0 |a reformy hospodárske 
610 2 0 |a obchod 
610 2 0 |a sektor verejný 
610 2 0 |a manažment 
610 2 0 |a vláda 
700 1 |a Wallace, Laura